Political process and the development of black insurgency, 1930-1970 (Record no. 53923)

MARC details
000 -LEADER
fixed length control field 00565nam a2200145 a 4500
008 - FIXED-LENGTH DATA ELEMENTS--GENERAL INFORMATION
fixed length control field 120416s0000 ||||||||||||||||| || u
020 ## - INTERNATIONAL STANDARD BOOK NUMBER
International Standard Book Number 0226555526
050 ## - LIBRARY OF CONGRESS CALL NUMBER
Classification number E 185.61 Mac
100 ## - MAIN ENTRY--PERSONAL NAME
Personal name McAdam, Doug
245 10 - TITLE STATEMENT
Title Political process and the development of black insurgency, 1930-1970
260 ## - PUBLICATION, DISTRIBUTION, ETC.
Place of publication, distribution, etc. Chicago
Name of publisher, distributor, etc. University of Chicago
Date of publication, distribution, etc. 1982
300 ## - PHYSICAL DESCRIPTION
Extent viii, 304p. : ill.
350 ## - PRICE (NR) (BK AM CF MU VM SE) [OBSOLETE]
Price 0.00
995 ## - RECOMMENDATION 995 [LOCAL, UNIMARC FRANCE]
-- 0.00
-- CBU-MAIN LIBRARY (Kitwe)
-- 1
-- 11.95
-- 1
-- AVAILABLE
-- Oct 11, 2006
-- Main Library Open Access Collection
Holdings
Withdrawn status Lost status Source of classification or shelving scheme Damaged status Not for loan Home library Current library Shelving location Date acquired Total Checkouts Full call number Barcode Date last seen Price effective from Koha item type
          CBU-MAIN LIBRARY, KITWE. CBU-MAIN LIBRARY, KITWE.   11/30/2022   E 185.61 Mac 021287 11/30/2022 11/30/2022 MONOGRAPH